000 00349nam a22001457a 4500
008 230601b ||||| |||| 00| 0 eng d
020 _a9780781749169
041 _aeng
080 _23TH EDITION
_a159.9
082 _a159.9BOY
100 _a25
101 _aPSI
245 _aPSYCHIATRIC NURSING CONTEMPORARY PRACTICE
_cBOYD A.M
942 _2udc
_cBK
999 _c59898
_d59898